[Event "CRO-chT2 West"]
[Site "Rijeka"]
[Date "2020.09.13"]
[Round "2.4"]
[White "Cvencek, Mladen"]
[Black "Prpic, Ivan"]
[Result "0-1"]
[WhiteElo "1952"]
[BlackElo "1990"]
[PlyCount "108"]
[EventDate "2020.09.12"]
[EventType "team-tourn"]
[EventRounds "9"]
[EventCountry "CRO"]
[SourceTitle "EXT 2022"]
[Source "ChessBase"]
[SourceDate "2021.10.06"]
[SourceVersion "1"]
[SourceVersionDate "2021.10.06"]
[SourceQuality "1"]
[WhiteTeam "Buje"]
[BlackTeam "Senj Velebit"]
[WhiteTeamCountry "CRO"]
[BlackTeamCountry "CRO"]

1. d4 c5 2. e3 e6 3. c4 Nf6 4. Nc3 a6 5. Nf3 Be7 6. d5 d6 7. e4 0-0 8. Bd3 Nbd7 9. 0-0 Rb8 10. dxe6 fxe6 11. Re1 Ng4 12. Bf1 Qc7 13. h3 Nge5 14. Nxe5 Nxe5 15. f4 Ng6 16. g3 Bd7 17. a4 Rbd8 18. Bd3 Bf6 19. Bd2 Bc6 20. Qe2 Bd4+ 21. Kh2 Qd7 22. Qh5 Qf7 23. a5 Ne5 24. Qxf7+ Nxf7 25. Ra3 d5 26. cxd5 exd5 27. e5 Nxe5 28. Be2 Nd7 29. Bf3 Nf6 30. Raa1 Rfe8 31. Rad1 Ne4 32. Bxe4 dxe4 33. Be3 Kf7 34. Kg1 h5 35. Kf2 Kg6 36. Rd2 Bxe3+ 37. Kxe3 Rxd2 38. Kxd2 Rd8+ 39. Ke3 Rd3+ 40. Kf2 Kf5 41. Ne2 Rb3 42. g4+ hxg4 43. hxg4+ Kxg4 44. Rg1+ Kf5 45. Rg5+ Kf6 46. Rxc5 Rxb2 47. Ke3 Rb3+ 48. Nc3 Ke6 49. Re5+ Kd6 50. Kd4 Rb4+ 51. Ke3 Rc4 52. Nxe4+ Bxe4 53. Rxe4 Rc5 54. Re8 g5 0-1

[Event "Mediterranean op 6th"]
[Site "Rijeka"]
[Date "2013.12.06"]
[Round "8"]
[White "Doric, Nenad"]
[Black "Prpic, Ivan"]
[Result "1-0"]
[WhiteElo "2290"]
[BlackElo "2031"]
[PlyCount "159"]
[EventDate "2013.11.30"]
[EventType "swiss"]
[EventRounds "9"]
[EventCountry "CRO"]
[SourceTitle "CBM 157 Extra"]
[Source "ChessBase"]
[SourceDate "2013.12.19"]
[SourceVersion "1"]
[SourceVersionDate "2013.12.19"]
[SourceQuality "1"]

1. e4 c5 2. c3 e6 3. d4 cxd4 4. cxd4 a6 5. Nf3 d6 6. Nc3 Nf6 7. Bd3 Be7 8. 0-0 0-0 9. Qe2 Nc6 10. Rd1 Re8 11. Bg5 Rb8 12. Rac1 d5 13. e5 Nd7 14. Bxe7 Qxe7 15. Bb1 Nf8 16. Na4 Na5 17. Qe1 Nc4 18. b3 Na3 19. Bd3 Bd7 20. Nc5 Bb5 21. Qb4 Bxd3 22. Rxd3 Nb5 23. a4 Na7 24. Qb6 Nc8 25. Qb4 Nd7 26. Rdc3 Nxc5 27. Qxc5 Qxc5 28. Rxc5 Na7 29. Kf1 Nc6 30. Ke2 h6 31. Ke3 f6 32. h4 Kf7 33. g4 Rh8 34. h5 Rhe8 35. Re1 Rec8 36. Rec1 Rd8 37. Kd3 Ke7 38. Re1 Rdc8 39. Rec1 Kd7 40. Ke3 a5 41. R5c3 Rf8 42. Rg1 Rf7 43. Rgc1 Kc7 44. Rc5 Kb6 45. Rb5+ Ka7 46. exf6 gxf6 47. Ne1 Rg8 48. f3 f5 49. Nd3 fxg4 50. f4 g3 51. Ne5 Nxe5 52. Rxa5+ Kb8 53. dxe5 g2 54. Rg1 b6 55. Rb5 Kc7 56. a5 Rg3+ 57. Kf2 Rc3 58. axb6+ Kc6 59. b7 Rxb7 60. Rxb7 Kxb7 61. Rxg2 Rxb3 62. Rg6 Rb2+ 63. Kf3 Rb3+ 64. Kg4 Rb6 65. Rxh6 d4 66. Kf3 Rb3+ 67. Ke4 d3 68. Rxe6 Rb4+ 69. Kxd3 Rxf4 70. Ke3 Rh4 71. h6 Kc7 72. Rd6 Kc8 73. Kf3 Kc7 74. Kg3 Rh5 75. Kf4 Kc8 76. Ke4 Kc7 77. Kd5 Rh1 78. Rg6 Kd7 79. Rg7+ Ke8 80. h7 1-0

[Event "Mediterranean op 6th"]
[Site "Rijeka"]
[Date "2013.12.02"]
[Round "4"]
[White "Prpic, Ivan"]
[Black "Monjac, Mislav"]
[Result "1-0"]
[WhiteElo "2031"]
[BlackElo "2158"]
[PlyCount "107"]
[EventDate "2013.11.30"]
[EventType "swiss"]
[EventRounds "9"]
[EventCountry "CRO"]
[SourceTitle "CBM 157 Extra"]
[Source "ChessBase"]
[SourceDate "2013.12.19"]
[SourceVersion "1"]
[SourceVersionDate "2013.12.19"]
[SourceQuality "1"]

1. e4 c5 2. Nf3 d6 3. d4 cxd4 4. Nxd4 Nf6 5. Nc3 g6 6. Be2 Bg7 7. 0-0 0-0 8. Re1 Nc6 9. Nxc6 bxc6 10. Bf4 Rb8 11. Rb1 Qa5 12. Bd2 Qc7 13. Bf3 Be6 14. b3 Nd7 15. Na4 Ne5 16. Be2 f5 17. exf5 Bxf5 18. Be3 Rb4 19. f3 d5 20. Bf2 Bh6 21. a3 Rbb8 22. Bg3 Be3+ 23. Kh1 Bd7 24. Bf1 Bf4 25. Qd4 Bxg3 26. hxg3 Nf7 27. Rxe7 Qd6 28. Qc5 Qc7 29. Rbe1 Rbd8 30. f4 Nh6 31. Bd3 Rf6 32. c4 dxc4 33. Bxc4+ Kh8 34. Qg5 Rf5 35. Qxh6 Rh5+ 36. Qxh5 gxh5 37. Bd3 Qd6 38. Rxh7+ Kg8 39. Nb2 Bg4 40. Ree7 Qf6 41. Bc4+ Rd5 42. Bxd5+ cxd5 43. Reg7+ Qxg7 44. Rxg7+ Kxg7 45. Kg1 Kf6 46. Kf2 d4 47. Nd3 Be6 48. Nc5 Bd5 49. b4 Kf5 50. Nd7 Be6 51. Nc5 Bd5 52. a4 Kg4 53. b5 Bc4 54. Ne4 1-0

[Event "Mediterranean op 6th"]
[Site "Rijeka"]
[Date "2013.12.01"]
[Round "2"]
[White "Prpic, Ivan"]
[Black "Franciskovic, Borka"]
[Result "0-1"]
[WhiteElo "2031"]
[BlackElo "2263"]
[PlyCount "116"]
[EventDate "2013.11.30"]
[EventType "swiss"]
[EventRounds "9"]
[EventCountry "CRO"]
[SourceTitle "CBM 157 Extra"]
[Source "ChessBase"]
[SourceDate "2013.12.19"]
[SourceVersion "1"]
[SourceVersionDate "2013.12.19"]
[SourceQuality "1"]

1. e4 c6 2. Nf3 d5 3. exd5 cxd5 4. d4 Nf6 5. Bb5+ Bd7 6. Bxd7+ Nbxd7 7. 0-0 e6 8. Bg5 Bd6 9. Re1 Qc7 10. Nbd2 0-0 11. c3 b5 12. Qe2 Rab8 13. Ne5 b4 14. c4 dxc4 15. Qxc4 Rbc8 16. Qxc7 Rxc7 17. Nec4 Be7 18. b3 Nd5 19. Bxe7 Nxe7 20. Nf3 Nf6 21. Nfe5 Rd8 22. Rad1 Nf5 23. Nd3 Nd5 24. Kh1 Nxd4 25. Nde5 Nb5 26. Ne3 Nbc3 27. Rd2 Rcc8 28. N3c4 h6 29. h3 f6 30. Nf3 e5 31. Rc2 Nf4 32. a3 Nd3 33. Rf1 Nb5 34. a4 Nd6 35. Nfd2 e4 36. g4 Nxc4 37. Nxc4 Nf4 38. Re1 Rd4 39. Kh2 g5 40. Rd2 Rcd8 41. Red1 Rd3 42. Rxd3 exd3 43. Kg3 Kf7 44. h4 Ne2+ 45. Kh3 Nc3 46. Rd2 Ne4 47. hxg5 Nxd2 48. Nxd2 hxg5 49. Kg3 Re8 50. Kf3 Re2 51. Nc4 Kg6 52. a5 a6 53. Ne3 Rb2 54. Nd1 Rxb3 55. Ke3 Ra3 56. f3 Rxa5 57. Kxd3 Rd5+ 58. Kc2 Rxd1 0-1

[Event "Mediterranean op 6th"]
[Site "Rijeka"]
[Date "2013.11.30"]
[Round "1"]
[White "Prpic, Ivan"]
[Black "Dasic, Jelena"]
[Result "1-0"]
[WhiteElo "2031"]
[BlackElo "1597"]
[PlyCount "119"]
[EventDate "2013.11.30"]
[EventType "swiss"]
[EventRounds "9"]
[EventCountry "CRO"]
[SourceTitle "CBM 157 Extra"]
[Source "ChessBase"]
[SourceDate "2013.12.19"]
[SourceVersion "1"]
[SourceVersionDate "2013.12.19"]
[SourceQuality "1"]

1. e4 e6 2. Nf3 d5 3. exd5 exd5 4. Be2 Bd6 5. d4 Nf6 6. Bg5 c6 7. 0-0 Be6 8. Re1 0-0 9. Nbd2 Nbd7 10. b3 Qc7 11. c4 Rac8 12. c5 Bf4 13. h3 Bxg5 14. Nxg5 Rfe8 15. Nxe6 Rxe6 16. Bd3 Rce8 17. Rxe6 Rxe6 18. Bf5 Re7 19. Qf3 Nf8 20. Qc3 Qf4 21. Bd3 Ne6 22. Nf3 Ng5 23. Nxg5 Qxg5 24. Re1 Ne4 25. Bxe4 Rxe4 26. Rxe4 dxe4 27. b4 Qd5 28. a3 f5 29. g3 g5 30. Qe3 h6 31. a4 Kg7 32. b5 Qa2 33. Qc3 Qd5 34. bxc6 bxc6 35. a5 Kf7 36. Qb4 Qd7 37. a6 f4 38. Qb3+ Kf6 39. gxf4 gxf4 40. Qc3 Kg6 41. Kh2 f3 42. Qe3 Qf5 43. Kg3 Qd5 44. h4 Qe6 45. Qf4 Kh7 46. Qe5 Qg6+ 47. Kf4 Kg8 48. Qxe4 Qf6+ 49. Ke3 Qf7 50. Qg4+ Kh7 51. Qxf3 Qb3+ 52. Kf4 Qf7+ 53. Kg3 Qg7+ 54. Qg4 Qc7+ 55. Kh3 Qf7 56. Qe4+ Kh8 57. f3 Qd7+ 58. Kh2 Qc7+ 59. Qe5+ Qxe5+ 60. dxe5 1-0

[Event "Gospic Licko-ch"]
[Site "Gospic"]
[Date "2013.02.25"]
[Round "4"]
[White "Prpic, Ivan"]
[Black "Savic, Miroslav"]
[Result "0-1"]
[WhiteElo "2042"]
[BlackElo "2248"]
[PlyCount "102"]
[EventDate "2013.02.24"]
[EventType "tourn"]
[EventRounds "7"]
[EventCountry "CRO"]
[SourceTitle "CBM 153 Extra"]
[Source "ChessBase"]
[SourceDate "2013.04.22"]
[SourceVersion "1"]
[SourceVersionDate "2013.04.22"]
[SourceQuality "1"]

1. e4 c5 2. Nf3 d6 3. Nc3 Nf6 4. Bb5+ Nbd7 5. e5 dxe5 6. Nxe5 e6 7. Nxd7 Bxd7 8. Bxd7+ Qxd7 9. 0-0 Bd6 10. d3 0-0 11. Bg5 Nd5 12. Bd2 f5 13. Re1 Rae8 14. Nxd5 exd5 15. Qf3 Bb8 16. Rxe8 Rxe8 17. Re1 Rxe1+ 18. Bxe1 Qe6 19. Qe3 Kf7 20. Qxe6+ Kxe6 21. Bd2 b5 22. b3 c4 23. h3 Be5 24. Kf1 Bd4 25. Ke2 Kd7 26. Be3 Bxe3 27. Kxe3 cxb3 28. axb3 a5 29. Kd4 Kd6 30. c4 dxc4 31. dxc4 Kc6 32. f4 g6 33. g3 bxc4 34. Kxc4 h6 35. g4 fxg4 36. hxg4 Kd6 37. Kd4 Ke6 38. Ke4 Kf6 39. Kf3 Kf7 40. Kg3 Ke6 41. Kh4 Kf6 42. Kh3 Kf7 43. Kg3 Ke7 44. Kh3 Kd6 45. Kh4 Ke6 46. Kg3 Kd5 47. Kf3 Kd4 48. g5 hxg5 49. fxg5 Ke5 50. Kg4 Ke4 51. Kh4 Kf4 0-1

[Event "Gospic Licko-ch"]
[Site "Gospic"]
[Date "2013.02.24"]
[Round "2"]
[White "Prpic, Ivan"]
[Black "Levar, Nenad"]
[Result "1/2-1/2"]
[WhiteElo "2042"]
[BlackElo "2124"]
[PlyCount "138"]
[EventDate "2013.02.24"]
[EventType "tourn"]
[EventRounds "7"]
[EventCountry "CRO"]
[SourceTitle "CBM 153 Extra"]
[Source "ChessBase"]
[SourceDate "2013.04.22"]
[SourceVersion "1"]
[SourceVersionDate "2013.04.22"]
[SourceQuality "1"]

1. e4 c5 2. Nf3 Nc6 3. Be2 d6 4. 0-0 Nf6 5. Nc3 e6 6. d4 cxd4 7. Nxd4 Be7 8. Bf3 0-0 9. Nxc6 bxc6 10. e5 Nd5 11. Nxd5 exd5 12. exd6 Qxd6 13. b3 Bf6 14. Rb1 Be5 15. g3 Be6 16. Bb2 Bxb2 17. Rxb2 Qa3 18. Qa1 Rac8 19. c3 a5 20. Rd2 a4 21. Qc1 Qxc1 22. Rxc1 axb3 23. axb3 Rb8 24. b4 Rfd8 25. Ra1 Ra8 26. Rda2 Rxa2 27. Rxa2 d4 28. Rd2 d3 29. Bxc6 Bc4 30. Be4 g6 31. f3 f5 32. Bc6 Rd6 33. b5 Kf8 34. Kf2 Ke7 35. h4 Kd8 36. f4 Kc7 37. Ke3 Kb6 38. Rb2 Kc5 39. Rd2 Re6+ 40. Kf2 Re7 41. Rb2 Kb6 42. Bf3 Ra7 43. Ke3 Ra4 44. Bd1 Ra1 45. Kd4 Bxb5 46. c4 Rxd1 47. Rxb5+ Kc6 48. Rb3 d2 49. Rd3 Rg1 50. Rxd2 Rxg3 51. h5 Rg4 52. Ke5 Kc5 53. Rd7 gxh5 54. Rc7+ Kb4 55. Rxh7 Rh4 56. Rc7 Rh1 57. Kxf5 h4 58. Kg4 h3 59. Kg3 h2 60. Rh7 Kxc4 61. Rxh2 Rxh2 62. Kxh2 Kd5 63. Kg3 Ke6 64. Kg4 Kf6 65. f5 Kf7 66. Kg5 Kg7 67. f6+ Kf7 68. Kf5 Kf8 69. Ke6 Ke8 1/2-1/2

[Event "CRO-chT2 West"]
[Site "Croatia"]
[Date "2011.11.05"]
[Round "7.25"]
[White "Prpic, Ivan"]
[Black "Ilic, Veselin"]
[Result "1-0"]
[WhiteElo "2020"]
[BlackElo "2093"]
[PlyCount "99"]
[EventDate "2011.03.12"]
[EventType "team-tourn"]
[EventRounds "9"]
[EventCountry "CRO"]
[SourceTitle "EXT 2014"]
[Source "ChessBase"]
[SourceDate "2013.11.20"]
[SourceVersion "1"]
[SourceVersionDate "2013.11.20"]
[SourceQuality "1"]

1. e4 d6 2. d4 Nf6 3. Nc3 g6 4. Nf3 Bg7 5. Be2 0-0 6. 0-0 Nc6 7. Re1 e5 8. dxe5 dxe5 9. Bg5 Be6 10. a3 h6 11. Bh4 Re8 12. Bb5 Bg4 13. Qxd8 Raxd8 14. Bxf6 Bxf6 15. Nd5 Re6 16. Nxc7 Red6 17. Nd5 Bxf3 18. Bxc6 bxc6 19. Nxf6+ Rxf6 20. gxf3 Rxf3 21. Rad1 Rb8 22. b3 Rc3 23. Re2 Rb7 24. Rd8+ Kg7 25. Red2 Kf6 26. Re8 Rb5 27. Ra8 Ra5 28. a4 Kg5 29. Rf8 f6 30. h4+ Kxh4 31. Rxf6 Kg5 32. Rdd6 Rxc2 33. Rxg6+ Kf4 34. Rxh6 Kxe4 35. Rxc6 Rb2 36. Rh3 Rd5 37. Re3+ Kf5 38. Rc7 a5 39. Rf7+ Ke6 40. Rf8 Ke7 41. Ra8 Kf6 42. Kg2 Rdd2 43. Rf3+ Ke6 44. Ra6+ Kd7 45. Kg3 e4 46. Rf7+ Ke8 47. Rb7 Rd5 48. Rh6 Rg5+ 49. Kf4 Rg8 50. Ke3 1-0

[Event "CRO-chT1B 19th"]
[Site "Sibenik"]
[Date "2010.09.04"]
[Round "1"]
[White "Mrdja, Milan"]
[Black "Prpic, Ivan"]
[Result "1-0"]
[WhiteElo "2393"]
[BlackElo "2011"]
[PlyCount "131"]
[EventDate "2010.09.04"]
[EventType "team-tourn"]
[EventRounds "9"]
[EventCountry "CRO"]
[SourceTitle "CBM 138 Extra"]
[Source "ChessBase"]
[SourceDate "2010.10.29"]
[SourceVersion "1"]
[SourceVersionDate "2010.10.29"]
[SourceQuality "1"]

1. e4 c5 2. Nf3 Nc6 3. d4 cxd4 4. Nxd4 e6 5. Nc3 a6 6. Be3 Bb4 7. Qd2 Nf6 8. f3 d5 9. a3 Bxc3 10. Qxc3 Bd7 11. Nxc6 Bxc6 12. 0-0-0 Rc8 13. Qb4 Qc7 14. Bd3 b5 15. e5 Nd7 16. f4 Bb7 17. Rhe1 Nc5 18. Bxc5 Qxc5 19. Qxc5 Rxc5 20. Kd2 0-0 21. g3 g6 22. h4 h5 23. Ke3 Kg7 24. c3 Rcc8 25. Be2 Rh8 26. Rd4 Rc5 27. a4 Bc6 28. a5 Bb7 29. Rb4 Rhc8 30. Kd4 R5c7 31. Rc1 Rc5 32. b3 R5c7 33. Kd3 Rc5 34. Kd2 Ba8 35. Rd4 R5c7 36. Rc2 Rc5 37. Bd3 R5c7 38. Be2 Rc5 39. Bd1 R5c7 40. Rd3 Rc5 41. Re3 R5c7 42. Kc1 Rc5 43. Kb2 R5c7 44. Rd3 Rc5 45. Rh2 R5c7 46. g4 hxg4 47. Bxg4 Rh8 48. Ka3 Rhc8 49. Kb4 Rh8 50. Rg3 Kf8 51. Rgh3 Ke7 52. h5 gxh5 53. Rxh5 Rxh5 54. Rxh5 Bc6 55. Rh7 Be8 56. f5 exf5 57. Bxf5 Bd7 58. Bd3 Be6 59. Rh8 Rc8 60. Rxc8 Bxc8 61. Kc5 Ke6 62. Kd4 f6 63. exf6 Kxf6 64. Kxd5 Be6+ 65. Kc6 Bxb3 66. Kb6 1-0

[Event "CRO-chT2 qual"]
[Site "Split"]
[Date "2009.12.29"]
[Round "3"]
[White "Prpic, Ivan"]
[Black "Vukusic, Zvonimir"]
[Result "0-1"]
[WhiteElo "1980"]
[BlackElo "2071"]
[PlyCount "44"]
[EventDate "2009.12.28"]
[EventType "team-tourn"]
[EventRounds "3"]
[EventCountry "CRO"]
[SourceTitle "CBM 134 Extra"]
[Source "ChessBase"]
[SourceDate "2010.03.03"]
[SourceVersion "1"]
[SourceVersionDate "2010.03.03"]
[SourceQuality "1"]

1. e4 e6 2. Nf3 d5 3. exd5 exd5 4. d4 Bf5 5. Be2 Nf6 6. 0-0 Bd6 7. Re1 0-0 8. Bg5 Nbd7 9. Nc3 c6 10. Qd2 Qc7 11. h3 h6 12. Bxf6 Nxf6 13. Bd3 Bxd3 14. Qxd3 Rfe8 15. Rxe8+ Rxe8 16. Re1 Rxe1+ 17. Nxe1 Qb6 18. Nd1 Qa5 19. Kf1 Qxa2 20. c3 Qb3 21. Ke2 Ne4 22. Nf3 b5 0-1

[Event "CRO-chT2 qual"]
[Site "Split"]
[Date "2009.12.28"]
[Round "1"]
[White "Prpic, Ivan"]
[Black "Bozinovic, Bogdan"]
[Result "1/2-1/2"]
[WhiteElo "1980"]
[BlackElo "2306"]
[PlyCount "118"]
[EventDate "2009.12.28"]
[EventType "team-tourn"]
[EventRounds "3"]
[EventCountry "CRO"]
[SourceTitle "CBM 134 Extra"]
[Source "ChessBase"]
[SourceDate "2010.03.03"]
[SourceVersion "1"]
[SourceVersionDate "2010.03.03"]
[SourceQuality "1"]

1. e4 c5 2. Nf3 d6 3. Nc3 a6 4. d4 cxd4 5. Nxd4 Nf6 6. Be2 e6 7. 0-0 b5 8. a3 Bb7 9. Bf3 Nbd7 10. Bg5 Be7 11. Re1 Qc7 12. Bh4 Rc8 13. Bg3 Ne5 14. Bxe5 dxe5 15. Nde2 0-0 16. Nc1 Nd7 17. Nd3 Nb6 18. Re2 Nc4 19. Na2 Rfd8 20. Qe1 Rd4 21. Rb1 Rd7 22. Nac1 Nb6 23. Nb3 Nc4 24. Nd2 Na5 25. Nf1 Nc6 26. Rd2 Nd4 27. c3 Nb3 28. Rdd1 Rcd8 29. Nb4 Nc5 30. Ng3 Bh4 31. Rxd7 Rxd7 32. Qe2 g6 33. Nf1 Bg5 34. Nc2 Kg7 35. Nb4 Na4 36. Ne3 Qd8 37. Nf1 Nb6 38. Nc2 Nc4 39. Nce3 Bxe3 40. fxe3 Nd2 41. Nxd2 Rxd2 42. Qe1 Qd3 43. h3 h5 44. Rc1 Rxb2 45. Rd1 Qc4 46. Qh4 Qxc3 47. Qg5 Qc7 48. Rf1 f6 49. Qh4 Qc2 50. Be2 g5 51. Qf2 f5 52. Qg3 Qxe2 53. Qxg5+ Kf7 54. Rc1 Rc2 55. Rxc2 Qxc2 56. Qxh5+ Kg7 57. Qg5+ Kf7 58. Qh5+ Kg7 59. Qg5+ Kf7 1/2-1/2